|
|
|
|
| LEADER |
01149nam a2200373 4500 |
| 001 |
DLU110130217 |
| 005 |
##20111223 |
| 040 |
# |
# |
|a DLU
|b eng
|
| 041 |
# |
# |
|a eng
|
| 044 |
# |
# |
|a us
|
| 245 |
# |
# |
|a Substance use and the risk for sexual intercourse with and without a history of teenage pregnancy among adolescent females /
|c Patricia A. Cavazos-Rehg ... [et al.].
|
| 653 |
# |
# |
|a Drug use
|
| 653 |
# |
# |
|a Females
|
| 653 |
# |
# |
|a Medical screening
|
| 653 |
# |
# |
|a Sexual behavior
|
| 653 |
# |
# |
|a Smoking
|
| 653 |
# |
# |
|a Studies
|
| 653 |
# |
# |
|a Teenage pregnancy
|
| 653 |
# |
# |
|a Teenagers
|
| 700 |
# |
# |
|a Cavazos-Rehg, Patricia A.
|
| 700 |
# |
# |
|a Cottler, Linda B.
|
| 700 |
# |
# |
|a Krauss, Melissa J.
|
| 700 |
# |
# |
|a Schootman, Mario.
|
| 700 |
# |
# |
|a Spitznagel, Edward L.
|
| 773 |
# |
# |
|t Journal of studies on alcohol and drugs
|g Vol. 72, no. 2 (March 2011), p. 194-198
|
| 920 |
# |
# |
|a Phòng Tạp chí -- Trung tâm Thông tin - Thư viện Trường Đại học Đà Lạt
|
| 994 |
# |
# |
|a DLU
|
| 900 |
# |
# |
|a True
|
| 911 |
# |
# |
|a Trương Bảo Trâm Anh
|
| 925 |
# |
# |
|a G
|
| 926 |
# |
# |
|a A
|
| 927 |
# |
# |
|a BB
|
| 980 |
# |
# |
|a Thư viện Trường Đại học Đà Lạt
|